Countries With a U in Their Name - Statistics

General Stats
  • This quiz has been taken 1,943 times
  • The average score is 47 of 59
Answer Stats
Answer % Correct
United Kingdom
98%
United States of America
98%
Uruguay
96%
Australia
92%
Paraguay
91%
Austria
89%
Peru
89%
Ukraine
89%
Cuba
88%
Guyana
88%
Russia
88%
Uzbekistan
88%
Ecuador
87%
Suriname
87%
Venezuela
87%
United Arab Emirates
85%
Guatemala
84%
Honduras
84%
Portugal
84%
Turkey
84%
Uganda
84%
South Africa
83%
South Sudan
83%
Belgium
82%
Bulgaria
82%
Hungary
82%
South Korea
82%
Antigua and Barbuda
81%
Belarus
81%
Luxembourg
81%
Sudan
81%
Tuvalu
81%
Palau
80%
Guinea
79%
Nauru
79%
Turkmenistan
79%
Lithuania
78%
Nicaragua
78%
Vanuatu
78%
Dominican Republic
76%
Papua New Guinea
76%
Saudi Arabia
76%
Guinea-Bissau
75%
Saint Lucia
75%
Bhutan
73%
Mauritania
73%
Burundi
72%
Equatorial Guinea
72%
Mauritius
72%
Democratic Republic of the Congo
70%
Tunisia
69%
Brunei
67%
Kuwait
67%
Burkina Faso
65%
Cyprus
62%
Czech Republic
62%
Central African Republic
60%
Djibouti
59%
Mozambique
52%
No matching quizzes found
Score Distribution
Percent of People with Each Score
Percentile by Number Answered
Your Score History
You have not taken this quiz